000 00439 a2200157 4500
999 _c320990
_d320990
001 85917
003 NUST
005 20180121180430.0
008 180121b xxu||||| |||| 00| 0 eng d
020 _a9781558151468
082 _a332.456 MAR
100 _aEmil Maria Claassen
_99393
245 _aExchange rate policies in developing and post-socialist countries
_hEnglish
250 _a1st
260 _aSan Francisco
_bICS Press
_c1991
300 _axix, 443 p.
500 _aGifted By AM Masood Akhtar
942 _acaenust
_cBK
_k332.456 MAR
_2ddc